Giáo trình lịch sử nghệ thuật

Giáo trình nêu lên những nội dung về định nghĩa, nội dung và các chủ đề của nghệ thuật. Lịch sử nghệ thuật qua từng thời kỳ cụ thể cũng được tác giả khái quát trong cuốn giáo trình.

Kaydedildi:
Detaylı Bibliyografya
Yazar: Đặng, Thái Hoàng
Materyal Türü: Kitap
Dil:Undetermined
Baskı/Yayın Bilgisi: Hà Nội Xây dựng 2010
Konular:
Etiketler: Etiketle
Etiket eklenmemiş, İlk siz ekleyin!
Thư viện lưu trữ: Trung tâm Học liệu Trường Đại học Cần Thơ
LEADER 00942nam a2200217Ia 4500
001 CTU_168486
008 210402s9999 xx 000 0 und d
020 |c 112000 
082 |a 709 
082 |b H407/T.1 
100 |a Đặng, Thái Hoàng 
245 0 |a Giáo trình lịch sử nghệ thuật 
245 0 |c Đặng Thái Hoàng, Nguyễn Văn Đỉnh (Đồng chủ biên) 
260 |a Hà Nội 
260 |b Xây dựng 
260 |c 2010 
520 |a Giáo trình nêu lên những nội dung về định nghĩa, nội dung và các chủ đề của nghệ thuật. Lịch sử nghệ thuật qua từng thời kỳ cụ thể cũng được tác giả khái quát trong cuốn giáo trình. 
650 |a Art,Nghệ thuật 
650 |x History,Lịch sử 
904 |i Bạch Trúc 
980 |a Trung tâm Học liệu Trường Đại học Cần Thơ